MDQL
is popping MORE tags! Check the
thread
!
Quizzes
Events
Quiz Creation
Community
Videos
Private Events
Remove Ads
Sign In
Join for FREE
Feedback
Dark Mode
Quiz Categories
Sports
Geography
Music
Movies
Television
Just For Fun
Miscellaneous
History
Literature
Language
Science
Gaming
Entertainment
Religion
Holiday
For Kids
Quiz Lab
Recent
Popular Today
Quiz Kudos Today
Editor Picks
Curator Picks
Quizzes by...
Day
Popularity
Type
Ratings
Length
Year
Community
Subscriptions
Recent Discussions
Orange Saloon
Badges
Playlists
Quests
Create
Leaderboards
Showdown
Live 5
Trivia Bingo
Activity
Puzzle Library
Sporcle Events
Private Events
Virtual Trivia
Globe League
Become a Host
Pub Owners
SporcleCon
Opinionation
Our Games
Videos
Blog
Mobile Apps
Partnerships
Remove Ads and Go Orange
Feedback
Sports
Athletes
MLB
NBA
NHL
NFL
Soccer
Sports Teams
WWE
NCAA
Football
Premier League
Basketball
Baseball
Hockey
Golf
Tennis
Cricket
Rugby
Auto Racing
Olympics
World Cup
Sports
Athletes
MLB
NBA
NHL
NFL
Soccer
Sports Teams
WWE
NCAA
Football
Premier League
Basketball
Baseball
Hockey
Golf
Tennis
Cricket
Rugby
Auto Racing
Olympics
World Cup
Random Quiz
Search Sporcle
×
Quiz Lab
Quiz Lab
Sports
Football
Type in answers that appear in a list
Type in answers that appear in a list
Classic
Best Score? Go Orange.
College Football Slot Machine Stats
Can you name the College Football Slot Machine?
By
kpax49
9m
60 Questions
1,768 Plays
1,768 Plays
1,768 Plays
Comments
Comments
Give Quiz Kudos
Give Quiz Kudos
-
- Ratings
hide this ad
More Info
Replay
Link that replays current quiz
Next Quiz
Link to next quiz in quiz playlist
You Got
0%
They Got
Avg Score
57%
Avg Friend Score
Upgrade to see
Score Distribution
Jump to the score distribution portion of the page
Score
0/60
Timer
09:00
0
Plays Today
% Correct
2004 USC Matt Leinart
85.3%
2004 USC Matt Leinart
85.3%
2004 USC Matt Leinart
85.3%
2008 Florida Sam Bradford
85.2%
2008 Florida Sam Bradford
85.2%
2008 Florida Sam Bradford
85.2%
2005 Texas Vacated
83.3%
2005 Texas Vacated
83.3%
2005 Texas Vacated
83.3%
1997 Michigan Charles Woodson
70%
1997 Michigan Charles Woodson
70%
1997 Michigan Charles Woodson
70%
2001 Miami (Fl.) Eric Crouch
67.5%
2001 Miami (Fl.) Eric Crouch
67.5%
2001 Miami (Fl.) Eric Crouch
67.5%
1998 Tennessee Ricky Williams
64.3%
1998 Tennessee Ricky Williams
64.3%
1998 Tennessee Ricky Williams
64.3%
1993 Florida State Charlie Ward
58%
1993 Florida State Charlie Ward
58%
1993 Florida State Charlie Ward
58%
1988 Notre Dame Barry Sanders
54.4%
1988 Notre Dame Barry Sanders
54.4%
1988 Notre Dame Barry Sanders
54.4%
1994 Nebraska Rashaan Salaam
54.1%
1994 Nebraska Rashaan Salaam
54.1%
1994 Nebraska Rashaan Salaam
54.1%
1984 BYU Doug Flutie
52.2%
1984 BYU Doug Flutie
52.2%
1984 BYU Doug Flutie
52.2%
% Correct
1992 Alabama Gino Torretta
51.8%
1992 Alabama Gino Torretta
51.8%
1992 Alabama Gino Torretta
51.8%
1990 Colorado Ty Detmer
51.8%
1990 Colorado Ty Detmer
51.8%
1990 Colorado Ty Detmer
51.8%
1986 Penn State Vinny Testaverde
49.4%
1986 Penn State Vinny Testaverde
49.4%
1986 Penn State Vinny Testaverde
49.4%
1976 Pittsburgh Tony Dorsett
48.5%
1976 Pittsburgh Tony Dorsett
48.5%
1976 Pittsburgh Tony Dorsett
48.5%
1980 Georgia George Rogers
46.6%
1980 Georgia George Rogers
46.6%
1980 Georgia George Rogers
46.6%
1981 Clemson Marcus Allen
45.3%
1981 Clemson Marcus Allen
45.3%
1981 Clemson Marcus Allen
45.3%
1968 Ohio State O.J. Simpson
44.7%
1975 Oklahoma Archie Griffin
44.7%
1975 Oklahoma Archie Griffin
44.7%
1975 Oklahoma Archie Griffin
44.7%
1968 Ohio State O.J. Simpson
43.6%
1968 Ohio State O.J. Simpson
43.6%
1959 Syracuse Billy Cannon
43%
1959 Syracuse Billy Cannon
43%
1959 Syracuse Billy Cannon
43%
1960 Minnesota Joe Bellino
42.5%
1960 Minnesota Joe Bellino
42.5%
1960 Minnesota Joe Bellino
42.5%
Quiz Playlist
Details
Report
Send in Message
Add To Playlist
More Info:
All answers must include a year, the team that won the National Championship that year, and the Heisman Trophy winner that year. Note: *shared titles.
Classic:
Type in answers that appear in a list
Quiz Source
Last Updated: Feb 16, 2017
Quiz Scoreboard
CHALLENGE
Sign Up to Join the Scoreboard
Show All
Scores
Hide
Comments
May contain spoilers
Recently Published
Two Season TV Shows II
by 123Four
Television
10m
Image Sorting: Flags VI
by Barbecue
Geography
2m
Find the 'City' Movie
by crazypaving
Movies
60s
More to Explore
Quiz From the Vault
Featured Blog Post
14 Easter Pick-up Lines to Find Eggs With
hide this ad
You Might Also Like...
Tags
College Quiz
Football Quiz
machine
NCAA Football
Slot Machine
Today's Top Quizzes in Sports
Browse Sports
hide this ad
Today's Top Quizzes in Football
Browse Football
Top Contributed Quizzes in Sports
1
Les meilleurs buteurs des matchs entre le PSG et l’OM
2
Les entraîneurs de l'OM et du PSG au 21e siècle
3
2022 World Cup Stars
4
Les joueurs passés par le PSG et l'OM
5
Players with Multiple 50 Home Run Seasons
6
FIFA Club World Cup Champions
7
Criteria MLB: Left Handed Sluggers
8
Les joueurs passés par le LOSC et le RC Lens
9
Top 10 NHL Goal Scorers of All Time
10
NBA Logic Puzzle 2.0
Explore More
Trending Topics
Harry Potter
Crossword
Anime
Marvel
NBA
Kpop
Disney
Soccer
Puzzle
WWE
NFL
Country
Song
Pokémon
The Office
hide this ad
More By:
kpax49
Quiz
Plays
Rating
Category
Featured
Created
College Football Slot Machine
1,768
3.88
Sports
Oct 1, 2010
Overrated/Underrated NCAA FBS Teams
341
4.80
Sports
Sep 29, 2010
World's 15 Largest Lakes
108
5.00
Geography
Aug 2, 2010
Go to Creator's Profile
Score Distribution
Quiz Creator Spotlight
kpax49
Follow
Send a Message
Quizzes Created
-
Created Quiz Play Count
-
More By This Creator
Popular Quizzes Today
1
Find the US States - No Outlines Minefield
2
Colored Red Africa Blitz
3
Find the 'City' Movie
4
5x2 Blitz: Bands
5
The Countries of the World
6
Find the Countries of Europe - No Outlines Minefield
7
Find the US States
8
US States
More Sports Quizzes
Soccer Players by Market Value Development VI
Quiz Lab
Trending Quizzes
Colored Red Europe Blitz I
Colored Red Africa Blitz II
Colored Red Europe Blitz II
Colored Red Africa Blitz III
Even More Two Season TV Shows
Recently Updated
March Madness Men's Triple Doubles
pecheneg
How Do You Spell That?
pecheneg
Godzilla Movies
pecheneg
Grab Bag: 4-10 Letters
pecheneg
2024 March Madness Bracket
pecheneg
Famous TV Couples
Peacemaker
Champions League XIs: Real Madrid
pecheneg
Largest US Cities 1790-2010
pecheneg
Rides in Walt Disney World
pecheneg
Most Oscar Losses (Acting)
pecheneg
Trending Topics
Crossword
Anime
NBA
Kpop
Harry Potter
Disney
Marvel
WWE
The Office
Soccer
Song
Puzzle
Pokémon
NFL
Country
Your Account Isn't Verified!
In order to create a playlist on Sporcle, you need to verify the email address you used during registration. Go to your
Sporcle Settings
to finish the process.
Report this User
Report this user for behavior that violates our
Community Guidelines
.
Details:
Send Report
Go to the Sporcle.com Mobile Site →
Comments